Statistiche per Bandiere del Mondo - Asia Quiz n°1

Clicka qui per fare il quiz!

Statistiche generali

  • Questo quiz è stato fatto 141 volte
    (139 dall'ultimo reset)
  • Il punteggio medio è 20 su 24

Statistiche sulle risposte

Risposta% Corretto
Cina
100%
Cipro
99%
Corea del Sud
98%
Turchia
98%
Corea del Nord
93%
Georgia
91%
Bangladesh
89%
Filippine
89%
Armenia
88%
Kazakistan
88%
Indonesia
86%
Singapore
86%
Thailandia
85%
Cambogia
84%
Azerbaigian
80%
Maldive
80%
Taiwan
78%
Uzbekistan
77%
Laos
72%
Yemen
72%
Kirghizistan
70%
Bahrein
67%
Tagikistan
66%
Afghanistan
63%

Distribuzione punteggi

Percentile per numero di risposta

Percentuale di utenti per punteggio

I tuoi punteggi nel tempo

Non hai fatto questo quiz dall'ultimo reset